| 000 | 00000nas 2200000zi 4500 |
| 001 | 9.909950 |
| 003 | CaOODSP |
| 005 | 20250523105032 |
| 006 | m o d f |
| 007 | cr cn||||||||| |
| 008 | 220406c20219999oncar p o f0###a0eng|d |
| 022 | |a2816-4997 |
| 040 | |aCaOODSP|beng|erda|cCaOODSP |
| 043 | |an-cn-on|an-us-mi|an-us-mn|an-us-wi |
| 086 | 1 |aFs74-62E-PDF |
| 222 | 0|aCanadian sailing directions. CEN 305, Lake Huron, St. Marys River, Lake Superior |
| 245 | 00|aCanadian sailing directions. |nCEN 305, |pLake Huron, St. Marys River, Lake Superior. |
| 246 | 30|aLake Huron, St. Marys River, Lake Superior |
| 264 | 1|aOttawa, Ontario, Canada : |bCanadian Hydrographic Service, Fisheries and Oceans Canada = Service hydrographique du Canada, Pêches et océans Canada, |c[2022]- |
| 310 | |aAnnual |
| 336 | |atext|btxt|2rdacontent |
| 337 | |acomputer|bc|2rdamedia |
| 338 | |aonline resource|bcr|2rdacarrier |
| 362 | 1 |aBegan with: 12/2021. |
| 500 | |aIssued also in French under title: Instructions nautiques du Canada. CEN 305, Lac Huron, St. Marys River, Lac Supérieur. |
| 588 | |aDescription based on: 12/2021. |
| 588 | |aLatest issue consulted:12/2021. |
| 650 | 0|aNavigation|zHuron, Lake (Mich. and Ont.)|vPeriodicals. |
| 650 | 0|aNavigation|zSuperior, Lake|vPeriodicals. |
| 650 | 0|aNavigation|zSaint Marys River (Mich. and Ont.)|vPeriodicals. |
| 655 | 7|aPeriodicals|2lcgft |
| 710 | 2 |aCanadian Hydrographic Service, |eissuing body. |
| 775 | 08|tInstructions nautiques du Canada. |w(CaOODSP)9.909949 |
| 780 | 00|tSailing directions. |w(CaOODSP)9.908728 |